|
|
|
|
| LEADER |
00973nam a22002657a 4500 |
| 001 |
35143 |
| 003 |
BD-DhAAL |
| 005 |
20190826160057.0 |
| 008 |
190826t2002 enka|||| |||| 00| 0 eng d |
| 999 |
|
|
|c 41059
|d 41059
|
| 020 |
|
|
|a 9783822825075
|
| 020 |
|
|
|a 3822825077
|
| 040 |
|
|
|a BD-DhAAL
|
| 082 |
|
|
|2 20
|a 724.6
|
| 245 |
|
|
|a Architecture Now!
|c edited by Philip Jodidio.
|
| 260 |
|
|
|a Köln ;
|a London :
|b Taschen,
|c c2002
|
| 300 |
|
|
|a 191 pages :
|b color illustrations ;
|c 20 cm.
|
| 526 |
|
|
|a ARC
|
| 541 |
|
|
|a Complimentary copy
|e 35143
|
| 650 |
|
|
|a Architecture, Modern
|y 20th century
|9 33596
|
| 650 |
|
|
|a Architecture, Modern
|9 33597
|
| 700 |
|
|
|a Jodidio, Philip
|9 33598
|
| 852 |
|
|
|a Department of Architecture
|c General Stacks
|
| 942 |
|
|
|2 ddc
|c BK
|
| 952 |
|
|
|0 0
|1 0
|2 ddc
|4 0
|6 724_600000000000000_ARC
|7 0
|9 66060
|a BRACUL
|b BRACUL
|c GEN
|d 2019-08-26
|e Complimentary Copy
|l 2
|o 724.6 ARC
|p 3010035143
|r 2024-09-17
|s 2024-09-10
|t 1
|w 2019-08-26
|y BK
|x Transferred from ARC to BRACUL on 28/12/2023
|